000 00495nas a22001577a 4500
008 130404t20019999ag ||||| |||| 00| 0 spa d
022 _a1515-3665
245 _aSalud, el deporte y el niño
260 _aMar del Plata,
_bArea de Medicina del Deporte del Hospital Interzonal Esecializad Materno Infantil:
_c2001
300 _av. :
546 _aespañol
590 _aExistencias: 2001 5(11); 2002 6(12)
650 _aMEDICINA DEL DEPORTE
_91876
650 _aPEDIATRIA
_91741
942 _2ddc
_cCR
999 _c1299
_d1299